000 00427 a2200121 4500
001 ART_55382
005 20260410161947.0
008 260409a
245 1 0 _aSobre la necesidad de ampliar la nómina de beneficiarios de pensiones por fallecimiento (art. 53, L. 24241)
100 1 _aYankielewicz, Daniela L.
700 1 _aOlmo, Juan P.
773 0 _tTemas de derecho laboral
_g- N° 3 (mar. 2022)
_wREV27619
999 _c30000
_d30000